Statistics for Guess The Sport By Picture

Click here to take the quiz!

General Stats

  • This quiz has been taken 62 times
  • The average score is 14 of 15

Answer Stats

Answer% Correct
Basketball
100%
Ping Pong/Table Tennis
100%
Soccer/Football
100%
Tennis
100%
Boxing
98%
Golf
98%
Ice hockey
98%
Volleyball
98%
Bowling
97%
Surfing
97%
Baseball
95%
Fencing
90%
skiing
88%
Horse Racing
67%
Rugby
62%

Score Distribution

Percentile by Number Answered

Percent of People with Each Score

Your Score History

You have not taken this quiz